Detroit Pistons NBA Champions - Statistics

General Stats
  • This quiz has been taken 118 times
  • The average score is 13 of 28
Answer Stats
Titles Player % Correct
2 Isiah Thomas
99%
2 Joe Dumars
96%
1 Ben Wallace
94%
1 Rasheed Wallace
94%
2 Bill Laimbeer
91%
1 Chauncey Billups
86%
1 Darvin Ham
81%
2 Dennis Rodman
80%
1 Richard Hamilton
80%
1 Tayshaun Prince
76%
2 John Salley
56%
2 Vinnie Johnson
56%
2 Mark Aguirre
55%
1 Rick Mahorn
39%
1 Micheal Williams
37%
1 Darko Miličić
36%
2 James Edwards
36%
1 Lindsey Hunter
22%
1 Mehmet Okur
15%
1 Corliss Williamson
14%
1 Gerald Henderson
10%
1 John Long
10%
1 Mike James
10%
1 Elden Campbell
8%
1 Scott Hastings
5%
1 William Bedford
4%
1 Dave Greenwood
3%
1 Fennis Dembo
3%
No matching quizzes found
Score Distribution
Percent of People with Each Score
Percentile by Number Answered
Your Score History
You have not taken this quiz